[Event "Euskadi ch 2007"]
[Site "Zornotza ESP"]
[Date "2007.04.11"]
[Round "2.2"]
[White "Gonzalez De La Torre, Santiago"]
[Black "Martin Alvarez, Iñigo"]
[Result "1-0"]
[WhiteElo "2348"]
[BlackElo "2167"]
[PlyCount "35"]
[EventDate "2007.04.10"]
[EventType "swiss"]
[EventRounds "7"]
[EventCountry "ESP"]
[Source "lmi"]
[SourceDate "2007.04.10"]

1. e4 d5 2. exd5 Nf6 3. d4 Bg4 4. Nf3 Nxd5 5. Be2 Nc6 6. h3 Bh5 7. c4 Nb6 8. c5
Nd5 9. Qb3 Qd7 10. Nc3 O-O-O 11. O-O e6 12. Be3 f6 13. Nxd5 exd5 14. Qc3 Bxf3
15. Bxf3 g5 16. Bxg5 Rg8 17. Bxf6 Qxh3 18. Be5 1-0